000 01226naa a22003617a 4500
001 BR8105333
003 BR-BrBNA
005 20240918174837.0
007 ta
008 230509b bl.||||| |||| 00| 0 por d
040 _aBR-BrBNA
_bpor
_cBiblioteca Nacional de Agricultura
041 _a(Pt)
072 _aL30; F25
_b5213
_b1930
_b3801
_bG514
090 _aL30 BR8105333
100 1 _aChaves Filho, N.
100 1 _aPires, C.B.
100 1 _aLima, V.B.
245 1 _aPastagens com Brachiaria decumbens em diferentes lotacoes e seus efeitos sobre o ganho de peso de novilhos azebuados na Zona da Mata Umida de Pernambuco [Brasil]
260 3 _aRecife, PE (Brasil):
_c1981.
500 _aAtuacao do IPA no ambito do POLONORDESTE Recife, PE (Brasil): 1981. v. 2 p. 128-138 (BR8105333-AM)L30
650 _aGADO ZEBU
650 _aNOVILHO
650 _aCAPIM BRACHIARIA
650 _aADUBACAO
650 _aFERTILIZANTE
650 _aNPK
650 _aGANHO DE PESO
650 _aZONA DA MATA UMIDA
650 _aPERNAMBUCO
773 0 _tAtuacao do IPA no ambito do POLONORDESTE
_wL30 BR8105333
_gRecife, PE (Brasil), 1981. v. 2 p. 128-138
909 _a202404
_bLucia
_c55
_dLucia Elande
942 _cAM
_2AGRIS
999 _c313966
_d313966